000
00230nam a2200097Ia 4500
008
240331s9999 xx 000 0 und d
082
_b
PAN
100
_a
Pandey, V.P
245
0
_a
Problems of women's marriage and violence
942
_c
L
999
_c
2194
_d
2194